Los Movimientos populares y la tarea de la ciencia social en el futuro de América Latina

Պահպանված է:
Մատենագիտական մանրամասներ
Հիմնական հեղինակ: Camacho Monge, Daniel
Ձևաչափ: Տեքստ
Լեզու:Spanish
Հրապարակվել է: San José: FLACSO
Խորագրեր:
Ցուցիչներ: Ավելացրեք ցուցիչ
Չկան պիտակներ, Եղեք առաջինը, ով նշում է այս գրառումը!

MARC

LEADER 00000 a a2200000 04500
001 23920
003 cru CIDCACS/IIS
005 20200611062544.0
008 190628b2016 CR ||||| |||| 00| 0 spa d
999 |c 1660  |d 1660 
040 |c cru CIDCACS/IIS 
100 |a Camacho Monge, Daniel  
245 |a Los Movimientos populares y la tarea de la ciencia social en el futuro de América Latina  
260 |a San José:   |b FLACSO  
300 |a 20 páginas 
650 0 |a MOVIMIENTOS SOCIALES  |9 3 
942 |2 ddc  |c LI